1037 1326 1000 1445 1997 1791 1893 1939 1707 1089 1710 1681 1068 1907 1045 1534 1295 1655 1931 1982 1913 1594 1668 1994 1496 1517 1028 1766 1978 1000 1801 1105 1394 1391 1862 1251 1144 1580 1377 1188 1657 1080 1902 1782 1518 1902 1317 1414 1769 1035 1177 1404 1132 1134 1559 1383 1026 1902 1309 1807 1466 1146 1717 1493 1365 1115 1816 1865 1505 1458 1321 1280 1305 1276 1866 1442 1793 1113 1148 1995 1136 1056 1630 1900 1921 1198 1198 1591 1660 1118 1951 1857 1147 1253 1578 1809 1358 1665 1787 BCNSPRNW ULIB Ver.6.0+V

เปลี่ยนเป็นภาษาไทย

Change to English
 แสดงรายละเอียดบรรณานุกรม
  กลับหน้าหลัก

Brief Record : Get Marc (ISO 2709) : E-mail record : QR code < ปิดหน้าต่าง
LEADER : 00000nam 2200000uu 4500
001    13399113518
003     ULIB
008    110824s2552||||th 000 0 tha d
020    9786165200158
090    นว.^bน716ม 2552
100 0  นีรนารา
245 00 มนต์พฤกษามายาแห่งรัก/^cนีรนารา
250    พิมพ์ครั้งที่ 1
260    กรุงเทพฯ :^b1168พับลิชชิ่ง,^c2552
300    351 หน้า
710 1  1168พับลิชชิ่ง
945    ^p215^l0^i026747
995    ทศพร
999     ^aใช้งานได้ทุกระบบ
รายการนี้ยังไม่มีแท็ก
คุณยังไม่ได้ล็อกอิน คุณสามารถมีกิจกรรมร่วมกับเว็บไซต์ได้ แต่ต้องล็อกอินก่อน ::
  ล็อกอิน

รายการสื่อสารสนเทศ

ลำดับที่ ประเภท เลขเรียก/บาร์โค้ด สถานที่ สถานะ
1. นวนิยาย
นวนิยาย
นว. น716ม 2552 ฉ.1 
  Barcode: 026747
ห้องสมุดวิทยาเขตสวรรค์ประชารักษ์
►นวนิยาย
บนชั้น
  ขอยืม

BibComment


ยังไม่เคยถูกคอมเมนท์

คอมเมนท์ทรัพยากรรายการนี้
  คอมเมนท์: มนต์พฤกษามายาแห่ง..


 Copyright 2026. Bcnsprnw @Library